<?xml version="1.0" encoding="UTF-8"?><?xml-stylesheet type="text/xsl" href="static/style.xsl"?><OAI-PMH xmlns="http://www.openarchives.org/OAI/2.0/" xmlns:xsi="http://www.w3.org/2001/XMLSchema-instance" xsi:schemaLocation="http://www.openarchives.org/OAI/2.0/ http://www.openarchives.org/OAI/2.0/OAI-PMH.xsd"><responseDate>2026-04-27T15:27:45Z</responseDate><request verb="GetRecord" identifier="oai:riubu.ubu.es:10259/10116" metadataPrefix="marc">https://riubu.ubu.es/oai/request</request><GetRecord><record><header><identifier>oai:riubu.ubu.es:10259/10116</identifier><datestamp>2025-02-01T01:05:24Z</datestamp><setSpec>com_10259.4_2551</setSpec><setSpec>com_10259_5086</setSpec><setSpec>com_10259_2604</setSpec><setSpec>col_10259.4_2552</setSpec></header><metadata><record xmlns="http://www.loc.gov/MARC21/slim" xmlns:doc="http://www.lyncode.com/xoai" xmlns:xsi="http://www.w3.org/2001/XMLSchema-instance" xmlns:dcterms="http://purl.org/dc/terms/" xsi:schemaLocation="http://www.loc.gov/MARC21/slim http://www.loc.gov/standards/marcxml/schema/MARC21slim.xsd">
<leader>00925njm 22002777a 4500</leader>
<datafield tag="042" ind1=" " ind2=" ">
<subfield code="a">dc</subfield>
</datafield>
<datafield tag="720" ind1=" " ind2=" ">
<subfield code="a">García González, Rebeca</subfield>
<subfield code="e">author</subfield>
</datafield>
<datafield tag="720" ind1=" " ind2=" ">
<subfield code="a">Rodríguez, Laura</subfield>
<subfield code="e">author</subfield>
</datafield>
<datafield tag="720" ind1=" " ind2=" ">
<subfield code="a">Salazar‐Fernández, Azahara</subfield>
<subfield code="e">author</subfield>
</datafield>
<datafield tag="720" ind1=" " ind2=" ">
<subfield code="a">Arsuaga, Juan Luis</subfield>
<subfield code="e">author</subfield>
</datafield>
<datafield tag="720" ind1=" " ind2=" ">
<subfield code="a">Carretero Díaz, José Miguel</subfield>
<subfield code="e">author</subfield>
</datafield>
<datafield tag="260" ind1=" " ind2=" ">
<subfield code="c">2024-07</subfield>
</datafield>
<datafield tag="520" ind1=" " ind2=" ">
<subfield code="a">Here we present an updated inventory and study of pectoral girdle remains recovered from the Sima de los Huesos (SH) site. Here, we describe the key morphological traits of adults and, for the first time, subadult specimens. Because morphological traits can change with age, we also discuss some shortcomings related to age estimation in postcranial fossil specimens. Adult clavicles from the SH are long with a low robusticity index and marked curvatures in the superior view. Among these traits, only extreme clavicular length seems to characterize subadult individuals. Neandertals share all these traits. In the case of the scapula, the SH specimens share a relatively long and narrow glenoid fossa with Neandertals. This trait is also present in subadult individuals. Additionally, most specimens from SH, adults, and subadults showed a dorsal axillary sulcus on the scapular lateral border, a trait also present in most adult and subadult Neandertals. These traits in adult and subadult specimens supports substantial genetic control for many of them in both human species.</subfield>
</datafield>
<datafield tag="024" ind2=" " ind1="8">
<subfield code="a">1932-8486</subfield>
</datafield>
<datafield tag="024" ind2=" " ind1="8">
<subfield code="a">http://hdl.handle.net/10259/10116</subfield>
</datafield>
<datafield tag="024" ind2=" " ind1="8">
<subfield code="a">10.1002/ar.25158</subfield>
</datafield>
<datafield tag="024" ind2=" " ind1="8">
<subfield code="a">1932-8494</subfield>
</datafield>
<datafield ind1=" " ind2=" " tag="653">
<subfield code="a">Clavicle</subfield>
</datafield>
<datafield ind1=" " ind2=" " tag="653">
<subfield code="a">Scapula</subfield>
</datafield>
<datafield ind1=" " ind2=" " tag="653">
<subfield code="a">Growth</subfield>
</datafield>
<datafield ind1=" " ind2=" " tag="653">
<subfield code="a">Age at death</subfield>
</datafield>
<datafield ind1=" " ind2=" " tag="653">
<subfield code="a">Sima de los Huesos</subfield>
</datafield>
<datafield tag="245" ind1="0" ind2="0">
<subfield code="a">Updated study of adult and subadult pectoral girdle bones from Sima de los Huesos site (Sierra de Atapuerca, Burgos, Spain). Anatomical and age estimation keys</subfield>
</datafield>
</record></metadata></record></GetRecord></OAI-PMH>